En defensa de la humanidad: ante la amenaza de un holocausto nuclear en Medio Oriente /

Salvato in:
Dettagli Bibliografici
Autore principale: Dierckxsens, Wim
Natura: testo
Soggetti:
Tags: Aggiungi Tag
Nessun Tag, puoi essere il primo ad aggiungerne!!

MARC

LEADER 00000 a a2200000 04500
001 11835
003
040
100 |a Dierckxsens, Wim  
245 |a En defensa de la humanidad: ante la amenaza de un holocausto nuclear en Medio Oriente /  |c Gabriela Miranda García  
650 |a GUERRA  
650 |a GUERRA NUCLEAR  
650 |a ESTADOS UNIDOS  
650 |a IRAN  
773 |g número 123; páginas 5-10  
999 |c 19806  |d 19806